[Event "4NCL Div 2 2024-25"]
[Site "England ENG"]
[Date "2025.02.15"]
[Round "5.27"]
[White "Pedersen, Carsten"]
[Black "Baer, Bruce L"]
[Result "1/2-1/2"]
[WhiteElo "2026"]
[BlackElo "1976"]
[WhiteTeam "Celtic Tigers 1"]
[BlackTeam "Warwickshire Select 2"]
[WhiteFideId "1409760"]
[BlackFideId "488801"]
[EventDate "2024.11.23"]

1. e4 g6 2. d4 Bg7 3. Nc3 a6 4. g3 b5 5. Bg2 Bb7 6. h4 Nf6 7. Bf3 d5 8. e5 Ne4
9. Qe2 Nc6 10. Be3 Nxc3 11. bxc3 Na5 12. e6 f5 13. Bf4 Nc4 14. h5 c5 15. hxg6
Qa5 16. Bd2 hxg6 17. Rxh8+ Bxh8 18. Bh5 O-O-O 19. Bxg6 Nxd2 20. Qxd2 cxd4 21.
cxd4 Qxd2+ 22. Kxd2 Bxd4 23. Rf1 Rf8 24. Ne2 Be5 25. c3 Kc7 26. f4 Bh8 27. Nd4
Bxd4 28. cxd4 Kd6 29. Bf7 Rh8 30. Re1 Rh2+ 31. Re2 Rxe2+ 32. Kxe2 Bc8 33. a3
Bxe6 34. Bg6 Bd7 35. Kd3 e6 36. Kc3 a5 37. Bh5 Ke7 38. Be2 Kf6 39. Bh5 Kg7 40.
Kb3 Kf8 41. Kc3 Be8 42. Be2 Kg7 43. Bf3 Kh6 44. Be2 Bd7 1/2-1/2

[Event "4NCL Div 2 2024-25"]
[Site "England ENG"]
[Date "2025.02.15"]
[Round "5.28"]
[White "Sandhu, Manvith"]
[Black "Serbanescu, Diana-Maria"]
[Result "0-1"]
[BlackTitle "CM"]
[WhiteElo "1956"]
[BlackElo "2020"]
[WhiteTeam "Warwickshire Select 2"]
[BlackTeam "Celtic Tigers 1"]
[WhiteFideId "458872"]
[BlackFideId "1200550"]
[EventDate "2024.11.23"]

1. e4 e5 2. Nf3 Nc6 3. Bb5 a6 4. Ba4 Nf6 5. d3 d6 6. c3 g6 7. O-O Bg7 8. Re1 b5
9. Bc2 a5 10. a4 b4 11. Nbd2 O-O 12. Nb3 Re8 13. d4 bxc3 14. bxc3 exd4 15. cxd4
Nb4 16. Bb1 Bb7 17. Bd2 Nxe4 18. Bxe4 Bxe4 19. Nxa5 Bxf3 20. Qxf3 Nc2 21. Rxe8+
Qxe8 22. Rb1 Nxd4 23. Qd5 Rb8 24. Rxb8 Qxb8 25. h3 Qb1+ 26. Kh2 Be5+ 27. g3 Qd3
28. Qa8+ Kg7 29. Be3 Nf5 30. Qf3 Bxg3+ 31. fxg3 Nxe3 32. Qf2 Qd4 33. Qa2 Nf1+
34. Kg2 Nd2 35. Nb3 Qd5+ 36. Kh2 Nxb3 37. a5 Qxa5 38. Qxb3 Qd2+ 39. Kg1 Qd4+ 40.
Kg2 c5 0-1

[Event "4NCL Div 2 2024-25"]
[Site "England ENG"]
[Date "2025.02.15"]
[Round "5.33"]
[White "Jackson, Edward"]
[Black "Arnott, Jonathan W"]
[Result "1-0"]
[WhiteTitle "CM"]
[BlackTitle "CM"]
[WhiteElo "2165"]
[BlackElo "2080"]
[WhiteTeam "Greater Woodpushers"]
[BlackTeam "Chessable White Rose 2"]
[WhiteFideId "464635"]
[BlackFideId "408077"]
[EventDate "2024.11.23"]

1. e4 e6 2. d4 d5 3. Nd2 a5 4. Ngf3 Nf6 5. Bd3 c5 6. exd5 exd5 7. Qe2+ Qe7 8.
Bb5+ Bd7 9. Ne5 Nc6 10. Ndf3 Nxd4 11. Nxd4 cxd4 12. O-O d3 13. Bxd3 O-O-O 14.
Bd2 Re8 15. Rfe1 Ne4 16. Nxd7 1-0

[Event "4NCL Div 2 2024-25"]
[Site "England ENG"]
[Date "2025.02.15"]
[Round "5.34"]
[White "Gayson, Peter M"]
[Black "McLean, Robert"]
[Result "0-1"]
[WhiteTitle "FM"]
[WhiteElo "2059"]
[BlackElo "2038"]
[WhiteTeam "Chessable White Rose 2"]
[BlackTeam "Greater Woodpushers"]
[WhiteFideId "401838"]
[BlackFideId "434922"]
[EventDate "2024.11.23"]

1. e4 c6 2. d4 d5 3. e5 Bf5 4. Nf3 e6 5. Be2 c5 6. O-O Nc6 7. Be3 cxd4 8. Nxd4
Nxd4 9. Qxd4 Ne7 10. Bb5+ Nc6 11. c4 a6 12. Bxc6+ bxc6 13. cxd5 cxd5 14. Nc3 Rb8
15. Qa4+ Qd7 16. Qxa6 Be7 17. Na4 O-O 18. Nb6 Qd8 19. Bd4 f6 20. f4 g5 21. Qa7
gxf4 22. Nd7 Ra8 23. Qb7 Rf7 24. Qb5 fxe5 25. Nxe5 Bf6 26. Nc6 Bxd4+ 27. Nxd4
Qd6 28. Nxf5 Rxf5 29. Qe2 Raf8 30. Rac1 e5 31. Rcd1 Qc5+ 32. Kh1 e4 33. Rc1 Qd6
34. Qg4+ Qg6 35. Qxg6+ hxg6 36. Rfd1 Ra8 37. a3 Ra4 38. Rc5 d4 39. Rxf5 gxf5 40.
Kg1 d3 41. g3 f3 42. Kf2 Rc4 43. b4 Rc2+ 44. Ke3 Re2+ 45. Kd4 f2 46. Rf1 d2 47.
b5 Re1 48. Rg1 0-1

[Event "4NCL Div 2 2024-25"]
[Site "England ENG"]
[Date "2025.02.15"]
[Round "5.35"]
[White "Rawlinson, Aidan M"]
[Black "Rich, Aaron"]
[Result "1/2-1/2"]
[WhiteElo "2058"]
[BlackElo "1918"]
[WhiteTeam "Greater Woodpushers"]
[BlackTeam "Chessable White Rose 2"]
[WhiteFideId "413496"]
[BlackFideId "499951"]
[EventDate "2024.11.23"]

1. d4 b6 2. e4 Bb7 3. Bd3 e6 4. Nf3 c5 5. c3 Ne7 6. O-O Ng6 7. Re1 Be7 8. dxc5
bxc5 9. Na3 Nc6 10. e5 d5 11. exd6 Bxd6 12. Nc4 Bc7 13. Qe2 Nf4 14. Bxf4 Bxf4
15. Be4 Qc7 16. g3 Bh6 17. Rad1 O-O 18. Nd6 Na5 19. Nxb7 Nxb7 20. Qa6 Rab8 21.
Qxa7 f5 22. Bxb7 Rxb7 23. Qa6 Rxb2 24. Qxe6+ Qf7 25. Qxf7+ Rxf7 26. Ne5 Rf8 27.
Nd7 Rc8 28. a4 Bd2 29. Re5 Bxc3 30. Rxc5 Rxc5 31. Nxc5 Kf7 32. Kg2 Ra2 33. Kf3
Bb4 34. Rd7+ Ke8 35. Rd5 g6 36. Nd3 Rxa4 37. Rd4 Ra3 38. Rxb4 Rxd3+ 39. Kf4 Rd2
40. Kg5 Rxf2 41. Rb8+ Ke7 42. Rb7+ Ke6 43. Rxh7 f4 44. g4 f3 45. Rh6 Kf7 46. Kf4
Rf1 47. Kg3 f2 48. Kg2 1/2-1/2

[Event "4NCL Div 2 2024-25"]
[Site "England ENG"]
[Date "2025.02.15"]
[Round "5.36"]
[White "Jaufarally, Nadia"]
[Black "Longson, Sarah N"]
[Result "0-1"]
[BlackTitle "WFM"]
[WhiteElo "1939"]
[BlackElo "1953"]
[WhiteTeam "Chessable White Rose 2"]
[BlackTeam "Greater Woodpushers"]
[WhiteFideId "443727"]
[BlackFideId "2501465"]
[EventDate "2024.11.23"]

1. e4 e5 2. Nf3 Nc6 3. Bc4 Nf6 4. d3 Bc5 5. O-O d6 6. a4 a5 7. c3 Ba7 8. h3 h6
9. Re1 g5 10. d4 g4 11. hxg4 Nxg4 12. Na3 exd4 13. cxd4 Nce5 14. Be2 Nxf3+ 15.
Bxf3 Qh4 16. Bxg4 Bxg4 17. Qd3 O-O-O 18. Bd2 Rhg8 19. Re3 Bd7 20. Rc1 Bc6 21.
Nb5 Bb6 22. Nc3 f5 23. Rh3 fxe4 24. Rxh4 exd3 25. g3 h5 26. d5 Bd7 27. Kg2 Rdf8
28. f3 Rf5 29. Ne4 Kd8 30. Rc3 Bxa4 31. Rxd3 Be8 32. Bc3 Bb5 33. Rd2 Kc8 34. Nf6
Rgg5 35. Ne4 Rg6 36. Rh2 Bc4 37. Rh4 Bxd5 38. Re2 Bxe4 39. Rhxe4 Rf8 40. Ra4
Rfg8 41. Be1 Kd7 42. Kh3 Rg5 43. g4 hxg4+ 44. fxg4 Rh8+ 45. Kg3 Rb5 46. Bc3 Rg8
47. Bf6 Bc5 48. Rf4 d5 49. Kh4 Bd6 50. Rd4 Re8 51. Rdd2 Bf4 52. Rc2 Re4 53. Rg2
Rb6 54. Bg5 d4 55. Bxf4 Rxf4 56. Kg5 Rf3 57. Rc5 Rd6 58. Rxa5 d3 59. Rd2 Re3 60.
Ra3 c5 61. Kf4 Rh3 62. Rc3 Rd4+ 63. Kf5 Rf3+ 64. Kg5 c4 65. b3 b5 66. bxc4 bxc4
67. Kh5 Rh3+ 68. Kg5 Rg3 69. Kf5 Rgxg4 70. Ke5 Rge4+ 71. Kf5 Kd6 72. Ra3 Re5+
73. Kf6 Rf4+ 74. Kg6 Re2 75. Rd1 Rg2+ 76. Kh5 Rf8 0-1

[Event "4NCL Div 2 2024-25"]
[Site "England ENG"]
[Date "2025.02.15"]
[Round "5.37"]
[White "Ackley, Peter J E"]
[Black "Wills, Tom"]
[Result "1/2-1/2"]
[WhiteElo "1985"]
[BlackElo "1991"]
[WhiteTeam "Greater Woodpushers"]
[BlackTeam "Chessable White Rose 2"]
[WhiteFideId "414824"]
[BlackFideId "458651"]
[EventDate "2024.11.23"]

1. c4 c6 2. Nf3 d5 3. e3 Nf6 4. Nc3 e6 5. b3 Bd6 6. Qc2 e5 7. cxd5 cxd5 8. Nb5
Nc6 9. Nxd6+ Qxd6 10. Bb5 O-O 11. Bxc6 bxc6 12. Bb2 Re8 13. Rc1 Bb7 14. Qc5 Qc7
15. O-O Rac8 16. d4 Ba6 17. Rfe1 Nd7 18. Qa3 e4 19. Ne5 Bb7 20. b4 a6 21. f3
exf3 22. gxf3 Nb6 23. Qa5 Re6 24. Rc2 Qd8 25. Rg2 Rxe5 26. dxe5 Qh4 27. Ree2 Nc4
28. Qc5 Nxb2 29. Qb6 Ba8 30. Rg4 Nc4 31. Rgg2 Nb2 32. Qxa6 1/2-1/2

[Event "4NCL Div 2 2024-25"]
[Site "England ENG"]
[Date "2025.02.15"]
[Round "5.38"]
[White "Rich, Ben S"]
[Black "Sanada, Tetsuaki"]
[Result "1/2-1/2"]
[WhiteElo "1874"]
[BlackElo "2000"]
[WhiteTeam "Chessable White Rose 2"]
[BlackTeam "Greater Woodpushers"]
[WhiteFideId "490431"]
[BlackFideId "7005903"]
[EventDate "2024.11.23"]

1. a3 d5 2. c4 c6 3. d3 g6 4. Qc2 Bg7 5. e3 Nf6 6. Nf3 O-O 7. Bd2 Re8 8. Bc3
dxc4 9. dxc4 Bf5 10. Qc1 Nbd7 11. Be2 Nc5 12. Nbd2 Bd3 13. b4 Bxe2 14. bxc5 Bd3
15. Qb2 b6 16. Rd1 Qc7 17. Ne5 Bf5 18. cxb6 axb6 19. O-O Red8 20. h3 c5 21. Nef3
Bd3 22. Rfe1 Qa7 23. Ra1 Qa6 24. Ne5 Ne4 25. Nxe4 Bxe4 26. f3 Bb7 27. Ng4 f6 28.
Rec1 Rd3 29. e4 Rad8 30. Nf2 R3d6 31. Qb5 Qxb5 32. cxb5 Bh6 33. Rd1 Be3 34. Rxd6
Rxd6 35. Kf1 Bxf2 36. Kxf2 Bc8 37. Ke2 Be6 38. a4 Bc4+ 39. Ke1 Kf7 40. Rc1 Bd3
41. Rd1 Ke6 42. Kf2 Bc2 43. Rxd6+ Kxd6 44. e5+ fxe5 45. a5 bxa5 46. Bxa5 e4 47.
Ke3 exf3 48. gxf3 Ba4 49. b6 Bc6 50. f4 Bd5 51. h4 Kc6 52. b7 Kxb7 53. Bd8 e6
54. Bf6 Kc6 55. Be5 Kb5 56. Kd3 Bg2 57. Kc3 Kc6 58. Kd2 Kd5 59. Ke3 Be4 60. Bf6
Bf5 61. Be5 c4 62. Bf6 Kc6 63. Bc3 Kc5 64. Ba5 Kb5 65. Be1 Ka4 66. Kd4 Kb3 67.
Ba5 Bd3 68. Be1 Kc2 69. Ba5 Bf1 70. Bb4 Kd1 71. Ke3 Bg2 72. Ba5 Kc2 73. Kd4 Bd5
74. Bb4 Kb3 75. Be1 Bb7 76. Bd2 Ba6 77. Be1 Ka4 78. Kc5 Kb3 79. Kd4 Ka4 80. Kc5
Kb3 1/2-1/2

[Event "4NCL Div 2 2024-25"]
[Site "England ENG"]
[Date "2025.02.15"]
[Round "5.43"]
[White "Blackburn, Jonathan L B"]
[Black "Cole, James"]
[Result "1-0"]
[WhiteTitle "FM"]
[WhiteElo "2205"]
[BlackElo "1974"]
[WhiteTeam "The Audible Checks"]
[BlackTeam "Iceni 1"]
[WhiteFideId "1801090"]
[BlackFideId "431818"]
[EventDate "2024.11.23"]

1. d4 Nf6 2. c4 g6 3. Nc3 d5 4. cxd5 Nxd5 5. e4 Nxc3 6. bxc3 Bg7 7. Qa4+ Bd7 8.
Qa3 O-O 9. Bg5 Re8 10. Nf3 b6 11. Rd1 Bg4 12. Be2 Qd6 13. Qb3 c5 14. e5 Qc7 15.
h3 Bd7 16. O-O Nc6 17. Qa3 e6 18. Qc1 Ne7 19. dxc5 bxc5 20. c4 Bc6 21. Bf6 Nf5
22. g4 Bxf3 23. Bxf3 Nd4 24. Rxd4 cxd4 25. c5 Rac8 26. c6 h6 27. Re1 g5 28. h4
Bxf6 29. exf6 Qf4 30. Qxf4 gxf4 31. g5 hxg5 32. Re5 Kh8 33. Kf1 Rg8 34. Ke2 Kh7
35. hxg5 Rgd8 36. Kd3 Rd6 37. Rc5 Rc7 38. a4 Kg8 39. a5 Kf8 40. Rc1 Kg8 41. Be4
Rd8 42. Rb1 Rdc8 43. Rc1 Rd8 44. f3 Rd6 45. Rc5 a6 46. Rc1 e5 47. Rc5 Re6 48.
Bd5 Rd6 49. Ke4 d3 50. Rc1 d2 51. Rd1 Rdxc6 52. Bxc6 Rxc6 53. Rxd2 Rc3 54. Rd6
Re3+ 55. Kf5 Rxf3 56. Rd8+ Kh7 57. Rf8 Rg3 58. Rxf7+ Kg8 59. g6 1-0

[Event "4NCL Div 2 2024-25"]
[Site "England ENG"]
[Date "2025.02.15"]
[Round "5.44"]
[White "Hughes, Roy"]
[Black "Jones, Steven A"]
[Result "0-1"]
[WhiteElo "2004"]
[BlackElo "2198"]
[WhiteTeam "Iceni 1"]
[BlackTeam "The Audible Checks"]
[WhiteFideId "412481"]
[BlackFideId "419630"]
[EventDate "2024.11.23"]

1. d4 Nf6 2. Nf3 g6 3. Bf4 Bg7 4. e3 O-O 5. Be2 d6 6. O-O c5 7. c3 b6 8. a4 a6
9. h3 Bb7 10. Nfd2 Nc6 11. Bf3 cxd4 12. exd4 d5 13. Na3 Rc8 14. Nc2 Qd7 15. Ne1
Qf5 16. Bh2 a5 17. Be2 e5 18. dxe5 Nxe5 19. Ndf3 Nc4 20. Nd4 Qd7 21. Qc2 Ne4 22.
Nef3 Rfe8 23. Rfd1 Qe7 24. Bf1 Bh6 25. Rab1 Nxf2 26. Re1 Ne4 27. Bxc4 dxc4 28.
Nb5 Qc5+ 29. Nfd4 Bc6 30. Na7 f5 31. Nxc8 Rxc8 32. Rbd1 Re8 33. Re2 Bb7 34. Rf1
Bg7 35. Rd1 g5 36. Ree1 Rd8 37. Qe2 Bxd4+ 38. cxd4 Rxd4 39. Rxd4 Qxd4+ 40. Qe3
Qxb2 41. Bc7 c3 42. Bxb6 c2 43. Bd4 Qa2 44. Ra1 Qc4 45. Bb2 Bc6 46. Kh2 Qc5 47.
Qb3+ Bd5 48. Qb8+ Kf7 49. Qh8 Qf2 50. Qxh7+ Ke6 51. Qg6+ Kd7 52. Be5 Nf6 53.
Qxg5 Ng4+ 0-1

[Event "4NCL Div 2 2024-25"]
[Site "England ENG"]
[Date "2025.02.15"]
[Round "5.45"]
[White "Saunders, Aron"]
[Black "Moore, Gerald"]
[Result "1-0"]
[WhiteElo "2124"]
[BlackElo "1938"]
[WhiteTeam "The Audible Checks"]
[BlackTeam "Iceni 1"]
[WhiteFideId "469343"]
[BlackFideId "403440"]
[EventDate "2024.11.23"]

1. e4 c5 2. Nf3 Nc6 3. Bb5 Nf6 4. Nc3 g6 5. e5 Ng4 6. Qe2 Bg7 7. Bxc6 dxc6 8.
O-O O-O 9. h3 Nh6 10. Ne4 b6 11. c3 a5 12. Rd1 Ba6 13. d3 Qd7 14. Bf4 f5 15.
Neg5 e6 16. Qc2 Rfe8 17. c4 Nf7 18. d4 Nxg5 19. Bxg5 Qc7 20. dxc5 bxc5 21. Qc3
h6 22. Be3 Bf8 23. h4 Red8 24. a4 Rab8 25. b3 Rb7 26. Qc2 Qb8 27. Rxd8 Qxd8 28.
Rd1 Rd7 29. Rxd7 Qxd7 30. Qd2 Qxd2 31. Bxd2 Kf7 32. Bxa5 1-0

[Event "4NCL Div 2 2024-25"]
[Site "England ENG"]
[Date "2025.02.15"]
[Round "5.46"]
[White "Gibbs, Dominic V"]
[Black "Hng, Mei-Xian Eunice"]
[Result "1-0"]
[BlackTitle "WFM"]
[WhiteElo "1961"]
[BlackElo "2066"]
[WhiteTeam "Iceni 1"]
[BlackTeam "The Audible Checks"]
[WhiteFideId "412090"]
[BlackFideId "5806585"]
[EventDate "2024.11.23"]

1. Nf3 Nf6 2. g3 d5 3. Bg2 e6 4. O-O Be7 5. d3 O-O 6. Nbd2 c5 7. e4 Nc6 8. Re1
Qc7 9. e5 Nd7 10. Qe2 b5 11. Nf1 a5 12. Bf4 Re8 13. h4 Ba6 14. Ne3 Nb6 15. Ng5
Bxg5 16. hxg5 Ne7 17. Qh5 Ng6 18. Ng4 Kh8 19. Bf3 Rg8 20. Kg2 f6 21. Qxg6 1-0

[Event "4NCL Div 2 2024-25"]
[Site "England ENG"]
[Date "2025.02.15"]
[Round "5.47"]
[White "Turner, Lewis A"]
[Black "Gilmore, Simon N"]
[Result "1-0"]
[WhiteElo "1995"]
[BlackElo "1941"]
[WhiteTeam "The Audible Checks"]
[BlackTeam "Iceni 1"]
[WhiteFideId "412600"]
[BlackFideId "408719"]
[EventDate "2024.11.23"]

1. e4 c6 2. d4 d5 3. e5 Bf5 4. Nd2 e6 5. Nb3 Nd7 6. Be2 Ne7 7. Nf3 Bg4 8. Bg5
Qb6 9. c3 Nf5 10. Nfd2 Bxe2 11. Qxe2 h6 12. Bf4 Be7 13. O-O O-O 14. g4 Nh4 15.
Bg3 c5 16. Rab1 Ng6 17. f4 f5 18. exf6 Bxf6 19. Nf3 Rae8 20. Qc2 Nh8 21. g5 Be7
22. gxh6 gxh6 23. Kh1 c4 24. Nbd2 Rf5 25. Rg1 Qd8 26. Nf1 Nf6 27. Ne3 Rh5 28.
Bh4+ Kf8 29. Qg2 1-0

[Event "4NCL Div 2 2024-25"]
[Site "England ENG"]
[Date "2025.02.15"]
[Round "5.48"]
[White "Latypova, Olga L"]
[Black "Taylor, William J"]
[Result "1/2-1/2"]
[WhiteElo "1812"]
[BlackElo "1985"]
[WhiteTeam "Iceni 1"]
[BlackTeam "The Audible Checks"]
[WhiteFideId "472476"]
[BlackFideId "423130"]
[EventDate "2024.11.23"]

1. e4 c5 2. Nf3 Nc6 3. d4 cxd4 4. Nxd4 Nf6 5. Nc3 e5 6. Ndb5 d6 7. Bg5 a6 8. Na3
b5 9. Nd5 Be7 10. Bxf6 Bxf6 11. c4 b4 12. Nc2 a5 13. Be2 O-O 14. O-O Bg5 15. Bg4
Bb7 16. Qd3 Nb8 17. a3 Na6 18. axb4 axb4 19. Ncxb4 Nxb4 20. Nxb4 Qb6 21. Nd5
Bxd5 22. Qxd5 Rxa1 23. Rxa1 Qxb2 24. Rd1 Be7 25. g3 Rb8 26. Qc6 Qb7 27. Bd7 g6 1/2-1/2

[Event "4NCL Div 2 2024-25"]
[Site "England ENG"]
[Date "2025.02.15"]
[Round "5.53"]
[White "Wilks, Simon"]
[Black "Valdepenas Octavio, Javier"]
[Result "1/2-1/2"]
[BlackTitle "CM"]
[WhiteElo "2058"]
[BlackElo "2168"]
[WhiteTeam "SchachAttack"]
[BlackTeam "Warwickshire Select 1"]
[WhiteFideId "427357"]
[BlackFideId "32051506"]
[EventDate "2024.11.23"]

1. e4 e5 2. Nf3 Nc6 3. Bb5 a6 4. Ba4 Nf6 5. O-O Be7 6. Re1 b5 7. Bb3 d6 8. c3
O-O 9. h3 Nb8 10. d4 Nbd7 11. Nbd2 Bb7 12. Bc2 Re8 13. Nf1 Bf8 14. Ng3 g6 15. a4
Nb6 16. a5 Nbd7 17. b3 exd4 18. cxd4 c5 19. d5 Bg7 20. Ra2 Ne5 21. Nxe5 Rxe5 22.
Bf4 Re8 23. Bd3 Rc8 24. Qc1 Qc7 25. Bd2 Nd7 26. Bc3 Ne5 27. Bf1 Qd8 28. f4 Nd7
29. Bxg7 Kxg7 30. Rf2 Qh4 31. Nh1 Kg8 32. g3 Qe7 33. Rfe2 Qf6 34. Nf2 Qg7 35.
Bg2 Qd4 36. Kh2 c4 37. Rd1 Qc5 38. Rc2 c3 39. Nd3 Qc7 40. b4 Nf6 41. Nf2 Qc4 42.
Rd3 Qxb4 43. Rdxc3 Rxc3 44. Rxc3 Qxa5 45. Rc7 Qb6 46. Qc3 b4 47. Rxb7 Qxb7 48.
Qxf6 b3 49. Ng4 b2 50. Nh6+ Kf8 51. Nf5 gxf5 52. e5 b1=Q 53. Qh6+ Kg8 54. Qg5+
Kh8 55. Qf6+ Kg8 56. Qg5+ Kh8 57. Qf6+ Kg8 58. Qg5+ Kh8 1/2-1/2

[Event "4NCL Div 2 2024-25"]
[Site "England ENG"]
[Date "2025.02.15"]
[Round "5.54"]
[White "Pitcher, John"]
[Black "Alizada, Eldar"]
[Result "1/2-1/2"]
[WhiteElo "2137"]
[BlackElo "1997"]
[WhiteTeam "Warwickshire Select 1"]
[BlackTeam "SchachAttack"]
[WhiteFideId "411485"]
[BlackFideId "464104"]
[EventDate "2024.11.23"]

1. e4 e6 2. d3 d5 3. Nd2 Nf6 4. Ngf3 c5 5. g3 Nc6 6. Bg2 Be7 7. O-O O-O 8. Re1
b5 9. a4 b4 10. exd5 exd5 11. Nb3 Rb8 12. Bf4 Bd6 13. Qd2 Bb7 14. Nh4 Ne7 15.
Bxd6 Qxd6 16. Qe3 Rfe8 17. Qxc5 Qxc5 18. Nxc5 Ba8 19. Nb3 Rbc8 20. Nd4 g5 21.
Nhf3 h6 22. Ne5 Rc7 23. Re2 a6 24. Rae1 Kf8 25. Bh3 Rb8 26. b3 Rb6 27. Rf1 h5
28. Bg2 Bb7 29. Nef3 g4 30. Ne5 Bc8 31. f3 Kg7 32. fxg4 hxg4 33. Rf4 Rd6 34.
Ref2 Ng6 35. Nxg6 Kxg6 36. Re2 Nh5 37. Rff2 f6 38. Kf1 Ng7 39. Ke1 Nf5 40. Rf4
Ng7 41. Kd2 Nh5 42. Rf1 Ng7 43. Ref2 Bd7 44. Ne2 Nh5 45. Nd4 Ng7 46. Re1 Bc8 47.
Rfe2 Nf5 48. Nxf5 Bxf5 49. Rf1 d4 50. Rf4 Rc5 51. Be4 Kg5 52. Ref2 Bd7 53. Bg2
a5 54. Kd1 Re5 55. Re4 Bc6 56. Ref4 Bxg2 57. Rxg2 f5 58. Kd2 Rd7 59. Rgf2 Rd6
60. Kd1 1/2-1/2

[Event "4NCL Div 2 2024-25"]
[Site "England ENG"]
[Date "2025.02.15"]
[Round "5.55"]
[White "Verbytski, Oleg"]
[Black "Dicen, Elis Denele"]
[Result "0-1"]
[BlackTitle "WFM"]
[WhiteElo "2077"]
[BlackElo "2129"]
[WhiteTeam "SchachAttack"]
[BlackTeam "Warwickshire Select 1"]
[WhiteFideId "495506"]
[BlackFideId "462560"]
[EventDate "2024.11.23"]

1. e4 e5 2. Nf3 Nc6 3. Bc4 Nf6 4. d3 Bc5 5. c3 d6 6. O-O O-O 7. Re1 a6 8. d4 Ba7
9. h3 h6 10. Be3 Bd7 11. Nbd2 Qe7 12. d5 Nd8 13. Bxa7 Rxa7 14. Bd3 Nh5 15. Nf1
Nf4 16. Ng3 c6 17. c4 cxd5 18. cxd5 b5 19. b4 a5 20. bxa5 Rxa5 21. Ne2 Nxd3 22.
Qxd3 Nb7 23. Nd2 Nc5 24. Qe3 Rfa8 25. Nc1 Ra3 26. Qe2 Qg5 27. Nf3 Qf4 28. Nd2
Bxh3 29. gxh3 Rxh3 30. Nf1 Ra4 31. f3 Rxf3 32. Qh2 Qf6 33. Nd2 Qg5+ 34. Kh1 Rf4
35. Rg1 Qf6 36. Rg3 Nxe4 37. Nxe4 Raxe4 38. Qc2 Rf1+ 39. Kg2 Ree1 40. Qh7+ 0-1

[Event "4NCL Div 2 2024-25"]
[Site "England ENG"]
[Date "2025.02.15"]
[Round "5.56"]
[White "Fellowes, Billy"]
[Black "Lishoy Gengis Paratazham, Dildarav"]
[Result "0-1"]
[WhiteTitle "CM"]
[WhiteElo "2203"]
[BlackElo "2000"]
[WhiteTeam "Warwickshire Select 1"]
[BlackTeam "SchachAttack"]
[WhiteFideId "483540"]
[BlackFideId "491462"]
[EventDate "2024.11.23"]

1. g3 e5 2. Bg2 d5 3. d3 Nf6 4. Nf3 Bd6 5. O-O O-O 6. Nbd2 c6 7. e4 Re8 8. Re1
Bc7 9. Qe2 Nbd7 10. h3 Nf8 11. Nf1 Ng6 12. c3 a5 13. a4 Bd7 14. Qc2 Qe7 15. Ne3
Rad8 16. Nf5 Bxf5 17. exf5 Nf8 18. Bf4 N6d7 19. d4 f6 20. Rad1 Qf7 21. dxe5 fxe5
22. Ng5 Qf6 23. Bc1 h6 24. Nf3 Nh7 25. Nh4 Nhf8 26. Be3 Kh8 27. Bf3 Bb6 28. Bxb6
Nxb6 29. Qb3 Nc4 30. Bh5 Re7 31. Qxc4 dxc4 32. Rxd8 Kg8 33. Red1 g5 34. R1d6
Qxd6 35. Rxd6 gxh4 36. gxh4 Rd7 37. Rf6 Kg7 38. Re6 Nxe6 39. fxe6 Re7 40. Bg4
Kf6 41. h5 b5 42. axb5 cxb5 43. Kf1 Re8 44. Ke2 Rd8 45. Ke3 Rd3+ 46. Ke4 Rd2 47.
f3 b4 48. Ke3 Rxb2 0-1

[Event "4NCL Div 2 2024-25"]
[Site "England ENG"]
[Date "2025.02.15"]
[Round "5.57"]
[White "Nicholas, Koichi B"]
[Black "Fallowfield, Jeremy R"]
[Result "1/2-1/2"]
[WhiteElo "2066"]
[BlackElo "2052"]
[WhiteTeam "SchachAttack"]
[BlackTeam "Warwickshire Select 1"]
[WhiteFideId "409820"]
[BlackFideId "405450"]
[EventDate "2024.11.23"]

1. e4 c5 2. Nf3 Nc6 3. Bb5 g6 4. O-O Bg7 5. Re1 e5 6. Bxc6 dxc6 7. d3 Qc7 8. Be3
b6 9. a4 a5 10. h3 Nf6 11. Na3 O-O 12. Qd2 Rd8 13. Bg5 Re8 14. Nc4 Nd7 15. Bh6
Bxh6 16. Qxh6 f6 17. Nh2 Nf8 18. Qh4 Kg7 19. Ne3 Qe7 20. f4 exf4 21. Qxf4 Be6
22. Rf1 Nd7 23. Rae1 Ne5 24. Rf2 Rad8 25. Ref1 Rf8 26. Qg3 Qd6 27. b3 b5 28.
axb5 cxb5 29. Ra1 Qb6 30. Nhg4 Nd7 31. Raf1 Qb8 32. Qh4 Bxg4 33. Nxg4 Qd6 34.
Qh6+ Kg8 35. Qh4 Kg7 36. Qh6+ Kg8 37. Qd2 Ra8 38. Qc3 Kg7 39. Ra1 Qd4 1/2-1/2

[Event "4NCL Div 2 2024-25"]
[Site "England ENG"]
[Date "2025.02.15"]
[Round "5.58"]
[White "Brooks, Phil J"]
[Black "Shepherd, Tom"]
[Result "1/2-1/2"]
[WhiteElo "2115"]
[BlackElo "1937"]
[WhiteTeam "Warwickshire Select 1"]
[BlackTeam "SchachAttack"]
[WhiteFideId "405540"]
[BlackFideId "447005"]
[EventDate "2024.11.23"]

1. d4 d5 2. c4 e6 3. Nc3 Nf6 4. Bg5 Be7 5. e3 O-O 6. cxd5 Nxd5 7. Bxe7 Qxe7 8.
Nf3 Nxc3 9. bxc3 b6 10. Bd3 Bb7 11. Qc2 h6 12. O-O Nd7 13. a4 Rfe8 14. Be4 Bxe4
15. Qxe4 a5 16. Rfb1 Qd6 17. Rb5 Rac8 18. h3 c5 19. Ne5 cxd4 20. cxd4 Nxe5 21.
Qxe5 Qxe5 22. dxe5 Rc6 1/2-1/2

[Event "4NCL Div 2 2024-25"]
[Site "England ENG"]
[Date "2025.02.15"]
[Round "5.61"]
[White "Bisby, Daniel L"]
[Black "Richardson, John R"]
[Result "1-0"]
[WhiteTitle "FM"]
[BlackTitle "FM"]
[WhiteElo "2292"]
[BlackElo "2259"]
[WhiteTeam "Cambridge University 1"]
[BlackTeam "The ADs"]
[WhiteFideId "404586"]
[BlackFideId "401617"]
[EventDate "2024.11.23"]

1. e4 c6 2. d4 d5 3. e5 Bf5 4. h4 h5 5. Bd3 Bxd3 6. Qxd3 Qa5+ 7. b4 Qa6 8. e6
Qxd3 9. cxd3 fxe6 10. Nd2 e5 11. dxe5 e6 12. Rb1 Nd7 13. Ndf3 a5 14. bxa5 Nc5
15. Nh3 Rxa5 16. Nf4 b5 17. O-O Nh6 18. Be3 Na4 19. Rfc1 Kd7 20. Nd4 Ra6 21.
Nfxe6 Ba3 22. Rc2 Nf7 23. f4 g6 24. Ng7 Nd8 25. f5 gxf5 26. e6+ Ke7 27. Ngxf5+
Kf6 28. Bg5+ Kg6 29. Bxd8 Rxd8 30. Rf1 Re8 31. e7 Nc5 32. Re2 Nxd3 33. Re6+ Kh7
34. Nf3 Bc5+ 35. Kh1 Bxe7 36. Nxe7 Kg7 37. Ng5 1-0